Państwa Ameryki Północnej - jednominutowy sprint bez mapy - Statystyki

Ogólne statystyki
  • Ten quiz został rozwiązany 29 razy
  • Średni wynik to 19 z 23
Statystyki odpowiedzi
Państwo % Poprawnych
Kostaryka
95%
Meksyk
95%
Salwador
95%
Gwatemala
90%
Kanada
90%
Stany Zjednoczone
90%
Bahamy
86%
Nikaragua
86%
Panama
86%
Barbados
81%
Belize
81%
Saint Lucia
81%
Saint Vincent i Grenadyny
81%
Antigua i Barbuda
76%
Dominika
76%
Dominikana
76%
Kuba
76%
Grenada
71%
Haiti
71%
Honduras
71%
Saint Kitts i Nevis
71%
Trynidad i Tobago
71%
Jamajka
67%
Nie znaleziono quizów pasujących do podanych kryteriów
Rozkład punktacji
Procent ludzi z każdym wynikiem
Percentyl według liczby udzielonych odpowiedzi
Twoja historia wyników
Nie rozwiązałeś tego quizu